[Event "Ciudad del Este op 1st"]
[Site "Ciudad del Este"]
[Date "2023.07.21"]
[Round "2"]
[White "Romero Velazquez, Alan Giovanni"]
[Black "Benitez G, Crysthian Alejandri"]
[Result "0-1"]
[WhiteElo "1006"]
[BlackElo "1362"]
[PlyCount "76"]
[EventDate "2023.07.20"]
[EventType "swiss"]
[EventRounds "7"]
[EventCountry "PAR"]
[SourceTitle "EXT 2024"]
[Source "ChessBase"]
[SourceDate "2023.10.10"]
[SourceVersion "1"]
[SourceVersionDate "2023.10.10"]
[SourceQuality "1"]

1. e3 d5 2. Nf3 c5 3. g3 Nf6 4. Bg2 Nc6 5. Nc3 Bg4 6. 0-0 e6 7. d4 Bd6 8. dxc5 Bxc5 9. h3 Bh5 10. Kh2 Qd6 11. Qd3 Bb4 12. a3 Bxc3 13. Qxc3 0-0 14. b3 Rac8 15. Bb2 Rfe8 16. Qd3 e5 17. Nd2 e4 18. Qc3 Ne7 19. Qb4 Qxb4 20. axb4 Rxc2 21. Bxf6 gxf6 22. Rad1 Nc6 23. f3 Nxb4 24. g4 Bg6 25. fxe4 dxe4 26. Rxf6 Rd8 27. Rf2 Nd3 28. Rff1 Nb2 29. Rc1 Rdxd2 30. Rxc2 Rxc2 31. Kg1 Re2 32. Rb1 Nd3 33. Bf1 Rxe3 34. Bxd3 exd3 35. Rd1 Re2 36. h4 d2 37. h5 Bd3 38. Rf1 Re1 0-1